[Event "Cesar Cup 3rd"]
[Site "Valledupar"]
[Date "2012.10.21"]
[Round "6"]
[White "Vence Saurith, Santiago"]
[Black "Garay, Edwin"]
[Result "0-1"]
[WhiteElo "1454"]
[BlackElo "1704"]
[PlyCount "68"]
[EventDate "2012.10.20"]
[EventType "swiss"]
[EventRounds "6"]
[EventCountry "COL"]
[SourceTitle "EXT 2015"]
[Source "ChessBase"]
[SourceDate "2014.11.20"]
[SourceVersion "1"]
[SourceVersionDate "2014.11.20"]
[SourceQuality "1"]

1. e4 e5 2. Nf3 Nc6 3. Bc4 Bc5 4. Nc3 Nf6 5. 0-0 0-0 6. d3 d6 7. h3 h6 8. Re1 Be6 9. Bxe6 fxe6 10. Qe2 Nd4 11. Nxd4 Bxd4 12. Qf3 Nh7 13. Qe2 Bxf2+ 14. Kh1 Bxe1 15. Qxe1 Qf6 16. Kh2 a6 17. Be3 Rf7 18. Ne2 Raf8 19. Ng3 Qe7 20. Qe2 Kh8 21. d4 Qh4 22. Qg4 Qxg4 23. hxg4 exd4 24. Bxd4 e5 25. Bc3 Rf2 26. Rc1 R8f7 27. Be1 R2f4 28. Bd2 Rxg4 29. Kh3 Nf6 30. Nh5 Rxe4 31. Nxf6 Rxf6 32. g4 Re2 33. Rd1 g5 34. Bc3 Rf3# 0-1

[Event "Cesar Cup 3rd"]
[Site "Valledupar"]
[Date "2012.10.20"]
[Round "1"]
[White "Vence Saurith, Santiago"]
[Black "De la Ossa, Carlos Enrique"]
[Result "0-1"]
[WhiteElo "1454"]
[BlackElo "1807"]
[PlyCount "40"]
[EventDate "2012.10.20"]
[EventType "swiss"]
[EventRounds "6"]
[EventCountry "COL"]
[SourceTitle "EXT 2015"]
[Source "ChessBase"]
[SourceDate "2014.11.20"]
[SourceVersion "1"]
[SourceVersionDate "2014.11.20"]
[SourceQuality "1"]

1. e4 e5 2. Nf3 Nc6 3. Nc3 Nf6 4. Bc4 Bc5 5. 0-0 d6 6. d3 Bg4 7. Be3 Nd4 8. Bxd4 Bxd4 9. h3 Bh5 10. Ne2 Bxf3 11. gxf3 Bb6 12. Ng3 h5 13. Nf5 g6 14. Ne3 h4 15. Qd2 Nh5 16. Nd5 c6 17. Nxb6 axb6 18. Kg2 Nf4+ 19. Kh2 Qd7 20. Qxf4 exf4 0-1

[Event "COL-ch U16 Norte"]
[Site "Valledupar"]
[Date "2012.04.01"]
[Round "7"]
[White "Vence Saurith, Santiago"]
[Black "Fontalvo, Nukier Nayid"]
[Result "1-0"]
[WhiteElo "1367"]
[BlackElo "1560"]
[PlyCount "33"]
[EventDate "2012.03.29"]
[EventType "swiss"]
[EventRounds "7"]
[EventCountry "COL"]
[SourceTitle "EXT 2013"]
[Source "ChessBase"]
[SourceDate "2012.11.22"]
[SourceVersion "1"]
[SourceVersionDate "2012.11.22"]
[SourceQuality "1"]

1. e4 e5 2. Nf3 Nc6 3. Bb5 d6 4. Nc3 Bd7 5. 0-0 Nf6 6. d4 h6 7. d5 Nd4 8. Nxd4 exd4 9. Qxd4 Bxb5 10. Nxb5 Be7 11. Re1 a6 12. Nc3 c5 13. Qe3 Ng4 14. Qg3 Ne5 15. Qxg7 Bf6 16. Qg3 Bh4 17. Qe3 1-0

[Event "COL-ch U16 Norte"]
[Site "Valledupar"]
[Date "2012.03.31"]
[Round "5"]
[White "Henao Nino, Cristian Ornandy"]
[Black "Vence Saurith, Santiago"]
[Result "1-0"]
[WhiteElo "1713"]
[BlackElo "1367"]
[PlyCount "65"]
[EventDate "2012.03.29"]
[EventType "swiss"]
[EventRounds "7"]
[EventCountry "COL"]
[SourceTitle "EXT 2013"]
[Source "ChessBase"]
[SourceDate "2012.11.22"]
[SourceVersion "1"]
[SourceVersionDate "2012.11.22"]
[SourceQuality "1"]

1. e4 b6 2. d4 Bb7 3. Nc3 e6 4. Nf3 Nf6 5. e5 Nd5 6. Nxd5 Bxd5 7. c4 Bb7 8. Be2 Be7 9. 0-0 0-0 10. d5 exd5 11. cxd5 d6 12. Bc4 dxe5 13. Nxe5 Qd6 14. Bf4 Qf6 15. Bg3 Bd6 16. Nd3 Bxg3 17. hxg3 Nd7 18. b3 Rfe8 19. Nf4 a6 20. Rc1 Ne5 21. Re1 Rad8 22. a4 c6 23. Qe2 cxd5 24. Bxa6 Bxa6 25. Qxa6 Re7 26. Nxd5 Nf3+ 27. gxf3 Rxe1+ 28. Rxe1 Qxf3 29. Qb5 h6 30. Re8+ Rxe8 31. Qxe8+ Kh7 32. Ne7 Qd1+ 33. Kg2 1-0

[Event "COL-ch U16 Norte"]
[Site "Valledupar"]
[Date "2012.03.30"]
[Round "4"]
[White "Cabrera, Miguel Angel"]
[Black "Vence Saurith, Santiago"]
[Result "1-0"]
[WhiteElo "1580"]
[BlackElo "1367"]
[PlyCount "61"]
[EventDate "2012.03.29"]
[EventType "swiss"]
[EventRounds "7"]
[EventCountry "COL"]
[SourceTitle "EXT 2013"]
[Source "ChessBase"]
[SourceDate "2012.11.22"]
[SourceVersion "1"]
[SourceVersionDate "2012.11.22"]
[SourceQuality "1"]

1. e4 e5 2. Nf3 Nc6 3. Bc4 Nd4 4. Nxe5 Qg5 5. Bxf7+ Kd8 6. Ng4 d6 7. h3 Nf6 8. f3 Nxg4 9. hxg4 Qf4 10. Bd5 Qg3+ 11. Kf1 Be7 12. d3 Bh4 13. Be3 Nxc2 14. Qe2 Nxa1 15. Rh3 Qe5 16. Rxh4 h6 17. Rh5 Qf6 18. Bg5 hxg5 19. Rxh8+ Kd7 20. g3 c6 21. Bg8 Kc7 22. Bh7 g6 23. Rg8 Qf7 24. Rxg6 Qxh7 25. Rxg5 Bd7 26. e5 Qh1+ 27. Kf2 Rh8 28. exd6+ Kd8 29. Qe7+ Kc8 30. Rh5 Rxh5 31. Qf8+ 1-0

[Event "COL-ch U16 Norte"]
[Site "Valledupar"]
[Date "2012.03.29"]
[Round "1"]
[White "Vence Saurith, Santiago"]
[Black "Barros Ochoa, Alfredo Ivan"]
[Result "1-0"]
[WhiteElo "1367"]
[BlackElo "1662"]
[PlyCount "39"]
[EventDate "2012.03.29"]
[EventType "swiss"]
[EventRounds "7"]
[EventCountry "COL"]
[SourceTitle "EXT 2013"]
[Source "ChessBase"]
[SourceDate "2012.11.22"]
[SourceVersion "1"]
[SourceVersionDate "2012.11.22"]
[SourceQuality "1"]

1. e4 e5 2. Nf3 d6 3. d4 Nc6 4. d5 Nb8 5. Nc3 Ne7 6. g3 c6 7. dxc6 Nbxc6 8. Bg2 d5 9. exd5 Nb4 10. d6 Nec6 11. a3 Nd4 12. axb4 Qxd6 13. Nxd4 exd4 14. Ne4 Qxb4+ 15. Nd2 Bf5 16. 0-0 d3 17. Re1+ Be7 18. Qf3 Qg4 19. Qxb7 Rb8 20. Qxe7# 1-0

[Event "COL-ch Intercoleg-A"]
[Site "Bucaramanga"]
[Date "2011.10.20"]
[Round "4.10"]
[White "Vence Saurith, Santiago"]
[Black "Santofimio Vega, Andres Camilo"]
[Result "0-1"]
[WhiteElo "1382"]
[BlackElo "1598"]
[PlyCount "79"]
[EventDate "2011.10.19"]
[EventType "swiss"]
[EventRounds "6"]
[EventCountry "COL"]
[SourceTitle "EXT 2024"]
[Source "ChessBase"]
[SourceDate "2023.10.10"]
[SourceVersion "1"]
[SourceVersionDate "2023.10.10"]
[SourceQuality "1"]

1. e4 d5 2. exd5 Qxd5 3. Nc3 Qd6 4. d4 Nf6 5. Nge2 c6 6. Bf4 Qd8 7. g3 Bg4 8. Bg2 e6 9. h3 Bh5 10. Qd2 Bb4 11. g4 Bg6 12. 0-0-0 Nbd7 13. a3 Ba5 14. h4 Nxg4 15. Rdf1 h5 16. Bf3 Ngf6 17. Bg5 Qc8 18. Qe3 Bd8 19. Bxf6 Bxf6 20. Be4 Bxe4 21. Nxe4 Qc7 22. Nxf6+ Nxf6 23. Qg5 Rg8 24. Qe5 Qxe5 25. dxe5 Ng4 26. Nf4 g6 27. Nd3 0-0-0 28. Re1 Nh6 29. f3 Nf5 30. Rh3 b6 31. f4 c5 32. b4 cxb4 33. Nxb4 Kb7 34. Rd3 Nxh4 35. Red1 Rxd3 36. Rxd3 Rc8 37. Rd7+ Rc7 38. Rxc7+ Kxc7 39. Kd2 Nf5 40. Nd3 0-1

[Event "COL-ch Intercoleg-A"]
[Site "Bucaramanga"]
[Date "2011.10.19"]
[Round "1.9"]
[White "Gomez, Cristian David"]
[Black "Vence Saurith, Santiago"]
[Result "1-0"]
[WhiteElo "1932"]
[BlackElo "1382"]
[PlyCount "73"]
[EventDate "2011.10.19"]
[EventType "swiss"]
[EventRounds "6"]
[EventCountry "COL"]
[SourceTitle "EXT 2024"]
[Source "ChessBase"]
[SourceDate "2023.10.10"]
[SourceVersion "1"]
[SourceVersionDate "2023.10.10"]
[SourceQuality "1"]

1. c4 e5 2. Nc3 Nf6 3. g3 Bc5 4. e3 Nc6 5. Bg2 0-0 6. Nge2 Re8 7. 0-0 Qe7 8. d3 b6 9. a3 Bb7 10. b4 Bd6 11. d4 exd4 12. exd4 Rab8 13. c5 bxc5 14. bxc5 Bxc5 15. dxc5 Qxc5 16. Be3 Qh5 17. Nd4 Ng4 18. h3 Nf6 19. Qxh5 Nxh5 20. Nxc6 Bxc6 21. Bxc6 dxc6 22. Bxa7 Rb7 23. Be3 Rb3 24. Ne2 c5 25. a4 Rb2 26. Rfe1 g6 27. Nf4 Nxf4 28. Bxf4 Rxe1+ 29. Rxe1 Rb4 30. a5 Ra4 31. Bxc7 c4 32. Bb6 c3 33. Rc1 Ra3 34. Bd4 Rxa5 35. Rxc3 h5 36. Rc8+ Kh7 37. Rh8# 1-0

[Event "Valledupar Cesar Cup U12/14 2nd"]
[Site "Valledupar"]
[Date "2011.10.02"]
[Round "5.1"]
[White "Torres Cueto, Jesus Marcial"]
[Black "Vence Saurith, Santiago"]
[Result "1-0"]
[WhiteElo "1909"]
[BlackElo "1382"]
[PlyCount "91"]
[EventDate "2011.10.01"]
[EventType "swiss"]
[EventRounds "5"]
[EventCountry "COL"]
[SourceTitle "EXT 2024"]
[Source "ChessBase"]
[SourceDate "2023.10.10"]
[SourceVersion "1"]
[SourceVersionDate "2023.10.10"]
[SourceQuality "1"]

1. e4 e5 2. Nf3 Nc6 3. Bc4 h6 4. Nc3 Nf6 5. d3 Bb4 6. 0-0 b6 7. h3 Bb7 8. Be3 0-0 9. a3 Bxc3 10. bxc3 d5 11. exd5 Nxd5 12. Re1 Nxe3 13. Rxe3 Qf6 14. Qe2 Rfe8 15. d4 e4 16. Rxe4 Rxe4 17. Qxe4 Qe7 18. Qxe7 Nxe7 19. Re1 Re8 20. Ne5 Kh8 21. Nxf7+ Kh7 22. Ne5 Nc6 23. Kf1 Nxe5 24. Rxe5 Rxe5 25. dxe5 Bc6 26. f3 Kg6 27. Kf2 Kf5 28. e6 b5 29. Bb3 Kf6 30. Ke3 Ke7 31. c4 bxc4 32. Bxc4 Kd6 33. Bb3 a5 34. g4 Ke7 35. h4 a4 36. Ba2 g5 37. hxg5 hxg5 38. f4 gxf4+ 39. Kxf4 Kf6 40. g5+ Kg7 41. Kf5 Be8 42. c3 Bg6+ 43. Ke5 Be8 44. Bb1 Kf8 45. Kf6 Bh5 46. g6 1-0

[Event "Valledupar Cesar Cup U12/14 2nd"]
[Site "Valledupar"]
[Date "2011.10.01"]
[Round "3.5"]
[White "Vence Saurith, Santiago"]
[Black "Mejia Hernandez, Daniel"]
[Result "1-0"]
[WhiteElo "1382"]
[BlackElo "1334"]
[PlyCount "39"]
[EventDate "2011.10.01"]
[EventType "swiss"]
[EventRounds "5"]
[EventCountry "COL"]
[SourceTitle "EXT 2024"]
[Source "ChessBase"]
[SourceDate "2023.10.10"]
[SourceVersion "1"]
[SourceVersionDate "2023.10.10"]
[SourceQuality "1"]

1. e4 e5 2. Nf3 Nc6 3. Bc4 d6 4. d3 Nf6 5. Ng5 Be7 6. Nxf7 0-0 7. Nxd8+ Kh8 8. Nxc6 bxc6 9. 0-0 d5 10. exd5 cxd5 11. Bb5 Rb8 12. Bc6 Bb7 13. Bxb7 Rxb7 14. d4 exd4 15. Qxd4 Rb4 16. Qxa7 Re4 17. Nc3 Re5 18. Qxc7 Rg5 19. Qxe7 Kg8 20. Bxg5 1-0